Do You Know the Battlebots? Quiz Stats

 Plays Quiz not verified by Sporcle

Score 0/26 Timer 10:00
0 Plays Today
% Correct
Minotaur
80.3%
Mega Tento
76.2%
Ghost Raptor
73.2%
Tombstone
73.1%
Lockjaw
72.2%
Captain Shrederator
72%
Red Devil
71.5%
Yeti
71%
Witch Doctor
70.4%
Warhead
70.2%
Icewave
69.7%
Mohawk
67.8%
Bronco
67.4%
% Correct
Bite Force
67.3%
Nightmare
65.8%
Lucky
64.6%
Disk O'Inferno
64.4%
Whyachi
63.7%
Warrior Clan
63.2%
Ambush
62.7%
Hypershock
62.7%
Overhaul
61.1%
Biohazard
60.4%
Vlad the Impaler
59.9%
SubZero
54.4%
Ultra Violent
50%

You're not logged in!

Compare scores with friends on all Sporcle quizzes.
OR
Log In

You Might Also Like...

Show Comments

Extras

Top Quizzes Today


Score Distribution

Your Account Isn't Verified!

In order to create a playlist on Sporcle, you need to verify the email address you used during registration. Go to your Sporcle Settings to finish the process.

Report this User

Report this user for behavior that violates our Community Guidelines.

Details: